Kanye West's Discography - Statistics

General Stats
  • This quiz has been taken 27 times
  • The average score is 10 of 11
Answer Stats
Picture Answer % Correct
Graduation
96%
The College Dropout
96%
The Life of Pablo
96%
Yeezus
96%
Donda
92%
Late Registration
92%
My Beautiful Dark Twisted Fantasy
92%
808s & Heartbreak
88%
DONDA 2
88%
Jesus Is King
88%
Ye
88%
No matching quizzes found
Score Distribution
Percent of People with Each Score
Percentile by Number Answered
Your Score History
You have not taken this quiz